[Event "BEM-ch U14"]
[Site "Tamm"]
[Date "2001.02.10"]
[Round "5"]
[White "Uhl, Philipp"]
[Black "Stanschuss, Torsten"]
[Result "1-0"]
[WhiteElo "1282"]
[BlackElo "1022"]
[PlyCount "153"]
[EventDate "2001.??.??"]
[EventType "swiss"]
[EventRounds "5"]
[EventCountry "GER"]
[SourceTitle "EXT 2003"]
[Source "ChessBase"]
[SourceDate "2002.11.25"]
[SourceVersion "1"]
[SourceVersionDate "2002.11.25"]
[SourceQuality "1"]

1. d4 d5 2. c4 e6 3. Nc3 Nf6 4. Bf4 a6 5. Nf3 Nc6 6. Bg5 Be7 7. e3 h6 8. Bh4 g5 9. Bg3 b6 10. Ne5 Nxe5 11. Bxe5 Bd6 12. Bxf6 Qxf6 13. cxd5 0-0 14. dxe6 Bxe6 15. Qh5 Kg7 16. Be2 Bb4 17. Qf3 Qxf3 18. Bxf3 Rad8 19. 0-0 Bxc3 20. bxc3 c5 21. a4 f5 22. Rfb1 Rd6 23. Rb2 c4 24. Rab1 Rb8 25. Be2 Bd5 26. Bf3 Be6 27. g3 g4 28. Bg2 Kg6 29. h3 h5 30. hxg4 hxg4 31. Rd1 Bd5 32. Bxd5 Rxd5 33. Re1 b5 34. e4 fxe4 35. Rxe4 Rb6 36. Rxg4+ Kf5 37. Rf4+ Kg5 38. Re4 Kf5 39. f3 Kf6 40. f4 Re6 41. Re5 Rexe5 42. fxe5+ Kg6 43. axb5 axb5 44. Kg2 Kf5 45. Kf3 Kg5 46. Ke4 Rd8 47. Rxb5 Kg6 48. Rc5 Kf7 49. Rxc4 Rg8 50. Kf4 Rg6 51. Rc7+ Ke8 52. d5 Kd8 53. Rf7 Ke8 54. e6 Kd8 55. g4 Ke8 56. Kf5 Rh6 57. g5 Rh3 58. g6 Rf3+ 59. Ke4 Rxc3 60. g7 Rg3 61. Rf8+ Ke7 62. g8Q Rxg8 63. Rxg8 Kd6 64. Ra8 Ke7 65. Ra7+ Ke8 66. Kf5 Kf8 67. Rf7+ Ke8 68. Kf6 Kd8 69. e7+ Kd7 70. Rf8 Kd6 71. e8Q Kxd5 72. Qe5+ Kc4 73. Rc8+ Kd3 74. Rd8+ Kc4 75. Qc7+ Kb5 76. Rb8+ Ka6 77. Qb6# 1-0

[Event "BEM-ch U14"]
[Site "Tamm"]
[Date "2001.02.03"]
[Round "2"]
[White "Witte, Stefan"]
[Black "Stanschuss, Torsten"]
[Result "0-1"]
[WhiteElo "786"]
[BlackElo "1024"]
[PlyCount "32"]
[EventDate "2001.??.??"]
[EventType "swiss"]
[EventRounds "5"]
[EventCountry "GER"]
[SourceTitle "EXT 2003"]
[Source "ChessBase"]
[SourceDate "2002.11.25"]
[SourceVersion "1"]
[SourceVersionDate "2002.11.25"]
[SourceQuality "1"]

1. d4 d5 2. Nc3 e6 3. Nf3 Nc6 4. Bf4 a6 5. a3 f6 6. e4 g5 7. exd5 exd5 8. Be3 g4 9. Nd2 Bh6 10. Bxh6 Nxh6 11. Nb3 Nf5 12. g3 b6 13. Qxg4 Nfxd4 14. Qd1 Qe7+ 15. Be2 Nf3+ 16. Kf1 Bh3# 0-1